| 000 | 00688nam a2200205Ia 4500 | ||
|---|---|---|---|
| 003 | OSt | ||
| 005 | 20250217092928.0 | ||
| 007 | ca aa aaaaa | ||
| 008 | 201103s9999 xx 000 0 und d | ||
| 040 | _cSSBUL | ||
| 041 | _abur | ||
| 082 |
_a၂၉၄.၃၄၃၅ _bမင်း |
||
| 100 | _a မင်းယုဝေ | ||
| 245 | 1 | 0 |
_a ရွှေတိဂုံစေတီတော် / _c မင်းယုဝေ။ |
| 260 |
_aရန်ကုန် ၊ _bစိတ်ကူးချိုချိုစာပေ၊ _c၂၀၁၆။ |
||
| 300 |
_a၁၈၆ စာမျက်နှာ ၊ _c၃၀ စင်တီ။ |
||
| 942 |
_cBK _2ddc |
||
| 942 | _2ddc | ||
| 942 | _2ddc | ||
| 999 |
_c20307 _d20307 |
||